书目信息 |
| 题名: |
她和他们
|
|
| 作者: | 敏子 著 | |
| 分册: | ||
| 出版信息: | 北京 现代出版社 2002.01 |
|
| 页数: | 329页 | |
| 开本: | 20cm | |
| 丛书名: | 布谷鸟丛书 | |
| 单 册: | ||
| 中图分类: | I247.5 | |
| 科图分类: | ||
| 主题词: | 长篇小说--中国--当代 | |
| 电子资源: | ||
| ISBN: | 7-80028-733-5 | |
| 000 | 00877nam 22002530 450 | |
| 001 | 192004003868 | |
| 005 | 20070906165223.42 | |
| 010 | @a7-80028-733-5@dCNY19.80 | |
| 100 | @a20070602d2002 ekmy0chiy0121 ea | |
| 101 | 0 | @achi |
| 102 | @aCN@b110000 | |
| 105 | @ay z 000ay | |
| 200 | 1 | @a她和他们@Ata he ta men@f敏子著 |
| 210 | @a北京@c现代出版社@d2002.01 | |
| 215 | @a329页@d20cm | |
| 225 | 2 | @a布谷鸟丛书@Abu gu niao cong shu@i都市浪漫先锋系列 |
| 330 | @a本书是一部中国当代长篇小说,讲述在武汉六渡桥长大的林瀟瀟,一方面在学校按部就班地接受教育,一方面在市井耳濡目染地体察生活;几乎是从中学时代开始,一个个爱情的“点”,就依次拉开了她长长的人生的“线”。 | |
| 410 | 1 | @12001 @a布谷鸟丛书 |
| 410 | 1 | @12001 @a都市浪漫先锋系列 |
| 606 | 0 | @a长篇小说@y中国@z当代 |
| 690 | @aI247.5@v4 | |
| 701 | 0 | @a敏子@Amin zi@4著 |
| 801 | 0 | @aCN@c20070906 |
| 905 | @dI247.5@eM800 | |
| 她和他们/敏子著.-北京:现代出版社,2002.01 |
| 329页;20cm.-(布谷鸟丛书.都市浪漫先锋系列) |
| 丛编说明:.-、 |
| ISBN 7-80028-733-5:CNY19.80 |
| 本书是一部中国当代长篇小说,讲述在武汉六渡桥长大的林瀟瀟,一方面在学校按部就班地接受教育,一方面在市井耳濡目染地体察生活;几乎是从中学时代开始,一个个爱情的“点”,就依次拉开了她长长的人生的“线”。 |
| ● |
| 相关链接 |
|
|
|
正题名:她和他们
索取号:I247.5/M800
 
预约/预借
| 序号 | 登录号 | 条形码 | 馆藏地/架位号 | 状态 | 备注 |
| 1 | 620094 | 206200948 | 文学库108/400B社科库 17排1列2层/ [索取号:I247.5/M800] | 在馆 | |
| 2 | 620095 | 206200957 | 社科二线400B/400B社科库 17排1列2层/ [索取号:I247.5/M800] | 在馆 | |
| 3 | 620096 | 206200966 | 文学库108/400B社科库 17排1列2层/ [索取号:I247.5/M800] | 在馆 |